Alla ricerca di Nemo - Quiz - level 1 - Statistics

Statistiche generali
  • Questo quiz è stato fatto 42 volte
    34 dall'ultimo reset
  • Il punteggio medio è 9 su 15
Statistiche sulle risposte
Domanda Risposta % Corretto
Di che specie è Nemo? Pesce pagliaccio
100%
Come si chiama la smemorata amica di Marlin? Dory
93%
Dove si trova l’acquario in cui è rinchiuso Nemo? Studio dentistico
83%
Di che colore è Dory? Blu e giallo
76%
Chi è il padre di Nemo? Marlin
69%
Dove vive Nemo all’inizio del film Grande Barriera
66%
In quale città finisce Nemo? Sydney
59%
Chi cattura Nemo? Sub
55%
Che animale è Guizzo? Tartaruga
55%
Qual è il difetto fisico di Nemo? Pinna atrofica
52%
...quale oggetto lo aiuta a trovare Nemo? Maschera subacquea
48%
Che animale è Scorza? Tartaruga
45%
Come si chiama il capo dei pesci nell’acquario? Branchia
34%
Chi è il leader degli squali? Bruto
34%
Come si chiama la ragazzina con l’apparecchio ai denti? Darla
24%
Nessun quiz corrispondente trovato
Distribuzione punteggi
Percentuale di utenti per punteggio
Percentile per numero di risposta
I tuoi punteggi nel tempo
Non hai fatto questo quiz dall'ultimo reset